000 00884nam a2200229 i 4500
001 173974
003 ES-MaACL
005 20251007171508.0
007 t|
008 100203s1907 sp |||| | spa d
110 2 _aReal Academia de Ciencias Exactas, Físicas y Naturales de España.
_9175635
245 1 0 _aMemorias de la Real Academia de Ciencias
_g1907.
260 _aMadrid :
_b[s.n.],
_c1907 (Imp. de la Gazeta de Madrid)
300 _av. ;
_c28 cm.
500 _aPrecede al tít.: Obras malacológicas de J.G. Hidalgo.
505 8 _aContiene: T. XXV ;
_tMonografía de las especies vivientes del género cypraea /
_rJ.G. Hidalgo (587 p.).
650 4 _aMoluscos.
_9136518
700 1 _aGonzález Hidalgo, Joaquín,
_d1839-1923
_9127415
740 0 2 _aMonografía de las especies vivientes del género cypraea.
852 _aES-MaACL
_jK-244
999 _c173974
_d173974